| 000 -ლიდერი |
| ფიქსირებული სიგრძის საკონტროლო ველი |
00942nam a22001937a 4500 |
| 003 - საკონტროლო ნომრის იდენტიფიკატორი |
| საკონტროლო ველი |
Ge_BSU |
| 005 - ბოლო ოპერაციის თარიღი და დრო |
| საკონტროლო ველი |
20230510122516.0 |
| 008 - ფიქსირებული სიგრძის მონაცემთა ელემენტები - ზოგადი ინფორმაცია |
| ფიქსირებული სიგრძის საკონტროლო ველი |
230510s2005 ge ||||| |||| 00| 0 geo d |
| 041 ## - ენის კოდი |
| Language code of text/sound track or separate title |
geo |
| 080 ## - უნივერსალური ათობითი კლასიფიკაციის ინდექსი |
| Universal Decimal Classification number |
94(479.22) ს-75 |
| 245 ## - ცნობა სათაურის შესახებ |
| Title |
სვანეთი : |
| Remainder of title |
სტუდენტთა კულტურულ-ისტორიული ექსპედიცია : "კოშკების სამყარო-2004"-ის მასალები |
| Statement of responsibility, etc |
რედ. : ზვიად კვიციანი; თსუ. |
| 264 ## - წარმოების, გამოცემის, დისტრიბუციის და სხვა ცნობები |
| გამოცემის, წარმოების, დისტრიბუციის... ადგილი |
თბილისი, |
| გამოცემის, წარმოების, დისტრიბუციის... თარიღი |
2005. |
| 300 ## - ფიზიკური აღწერა |
| Extent |
100 გვ. |
| Other physical details |
20 სმ. |
| 504 ## - BIBLIOGRAPHY, ETC. NOTE |
| Bibliography, etc |
ბიბლიოგრ. გვ. 99 |
| 653 ## - INDEX TERM--UNCONTROLLED |
| Uncontrolled term |
სვენეთი |
| 653 ## - INDEX TERM--UNCONTROLLED |
| Uncontrolled term |
სტუდენტთა კულტურულ-ისტორიული ექსპედიცია |
| 700 ## - ADDED ENTRY--PERSONAL NAME |
| Personal name |
კვიციანი, ზვიად |
| Relator term |
რედაქტორი |
| 9 (RLIN) |
3573 |
| 942 ## - ADDED ENTRY ELEMENTS (KOHA) |
| Source of classification or shelving scheme |
|
| Koha item type |
წიგნი |